| 000 | 00401nam a2200157Ia 4500 | ||
|---|---|---|---|
| 008 | 240729s9999 xx 000 0 und d | ||
| 022 | _a2307-4116 | ||
| 245 | 0 | _aKuwait Journal of Science | |
| 260 | _aNetherlands | ||
| 260 | _bElsevier | ||
| 650 | _a Science (General) | ||
| 650 | _aScience | ||
| 856 | _uhttps://doaj.org/toc/da46100cc1af470e9ecd80946e93c1a1 | ||
| 942 | _2ddc | ||
| 942 | _cDOAJEJ | ||
| 999 |
_c74437 _d74437 |
||
| 945 |
_a1 _bMadushi Gamage _c1 _dMadushi Gamage |
||